On education especially in early childhood, (Record no. 65118)

MARC details
000 -LEADER
fixed length control field 00737cam a22002291i 4500
040 ## -
-- DLC
-- USlW
-- OCoLC
-- DLC
082 ## - DEWEY DECIMAL CLASSIFICATION NUMBER
Classification number 370
100 1# - MAIN ENTRY--AUTHOR NAME
Personal name Russell, Bertrand,
245 10 - TITLE STATEMENT
Title On education especially in early childhood,
Statement of responsibility, etc by Bertrand Russell.
260 ## - PUBLICATION, DISTRIBUTION, ETC. (IMPRINT)
Place of publication London,
Name of publisher George Allen & Unwin ltd.
Year of publication [1926]
300 ## - PHYSICAL DESCRIPTION
Number of Pages 171p,
Dimensions 19 cm.
500 ## - GENERAL NOTE
General note "First published in February, 1926; reprinted September, 1926."
500 ## - GENERAL NOTE
General note Published also in the United States under title: Education and the good life.
650 #0 - SUBJECT ADDED ENTRY--TOPICAL TERM
Topical Term Education.
650 #0 - SUBJECT ADDED ENTRY--TOPICAL TERM
Topical Term Education.
Holdings
Withdrawn status Lost status Damaged status Collection code Home library Current library Date acquired Full call number Accession Number Koha item type Shelving location
        North Eastern Hill University North Eastern Hill University 25/11/2011 370 174181 Books  
      EDUCATION North Eastern Hill University North Eastern Hill University 10/12/2014 370 73572 Books General Stacks
      EDUCATION North Eastern Hill University North Eastern Hill University 22/12/2014 370 71433 Books General Stacks